Giáo trình mạng máy tính

Khái niệm cơ bản về mạng máy tính. Kiến trúc mạng và mô hình kết nối các hệ thống mở (OSI). Giới thiệu mạng cục bộ LAN, mạng diện rộng WAN, Internet, các công nghệ mạng khác và quản lí mạng

Shranjeno v:
Bibliografske podrobnosti
Format: Knjiga
Jezik:Vietnamese
Izdano: H. Thông tin và Truyền thông 2009
Teme:
Oznake: Označite
Brez oznak, prvi označite!
Thư viện lưu trữ: Mạng thư viện Đại học Đà Nẵng
LEADER 01448aam a22003498a 4500
001 000016466
003 12868
005 20121105081130.0
008 121105s2009 viesd
020 |c 78000đ  |d 600b 
041 0 |a vie 
082 1 4 |2 14  |a 004.6  |b Gia 
245 1 0 |a Giáo trình mạng máy tính  |c Phạm Thế Quế biên soạn 
260 |a H.  |b Thông tin và Truyền thông  |c 2009 
300 |a 420tr.  |b hình vẽ, bảng  |c 24cm 
500 |a ĐTTS ghi: Học viện Công nghệ Bưu chính Viễn thông 
504 |a Thư mục: tr. 421 
520 |a Khái niệm cơ bản về mạng máy tính. Kiến trúc mạng và mô hình kết nối các hệ thống mở (OSI). Giới thiệu mạng cục bộ LAN, mạng diện rộng WAN, Internet, các công nghệ mạng khác và quản lí mạng 
650 7 |2 Bộ TK TVQG  |a Internet 
650 7 |2 Bộ TK TVQG  |a Mạng cục bộ 
650 7 |2 Bộ TK TVQG  |a Mạng máy tính 
655 7 |2 Bộ TK TVQG  |a Giáo trình 
OWN |a LSP 
AVA |a UDN50  |b LSP  |d 004.6 Gia  |e check_holdings  |t Error 5003 Not defined in file expand_doc_bib_avail.  |h N  |k 1 
999 |a From the UDN01 
AVA |a UDN50  |b LSP  |d 004.6 Gia  |e available  |t Error 5001 Not defined in file expand_doc_bib_avail.  |f 15  |g 0  |h N  |i 13  |k 1 
TYP |a Monograph 
TYP |a Printed language 
980 |a Mạng thư viện Đại học Đà Nẵng